|
|
|
|
| LEADER |
00000caa a22000002c 4500 |
| 001 |
1642549096 |
| 003 |
DE-627 |
| 005 |
20220608140256.0 |
| 007 |
tu |
| 008 |
150305s1987 xx ||||| 00| ||eng c |
| 035 |
|
|
|a (DE-627)1642549096
|
| 035 |
|
|
|a (DE-576)427197600
|
| 035 |
|
|
|a (DE-599)BSZ427197600
|
| 040 |
|
|
|a DE-627
|b ger
|c DE-627
|e rakwb
|
| 041 |
|
|
|a eng
|
| 100 |
1 |
|
|a Gordon, Robert S.
|4 aut
|
| 245 |
1 |
0 |
|a Generational differences in reactions to adolescent suicide
|c Robert S. Gordon; Liliian M. Range; R. P. Edwards
|
| 264 |
|
1 |
|c 1987
|
| 336 |
|
|
|a Text
|b txt
|2 rdacontent
|
| 337 |
|
|
|a ohne Hilfsmittel zu benutzen
|b n
|2 rdamedia
|
| 338 |
|
|
|a Band
|b nc
|2 rdacarrier
|
| 700 |
1 |
|
|a Range, Lillian M.
|4 aut
|
| 700 |
1 |
|
|a Edwards, R. P.
|4 aut
|
| 773 |
0 |
8 |
|i In
|t Journal of community psychology
|d Hoboken, NJ : Wiley, 1973
|g 15(1987), 2, Seite 268-274
|w (DE-627)166420298
|w (DE-600)185690-X
|w (DE-576)014780143
|x 0090-4392
|7 nnas
|
| 773 |
1 |
8 |
|g volume:15
|g year:1987
|g number:2
|g pages:268-274
|
| 951 |
|
|
|a AR
|
| ELC |
|
|
|b 1
|
| LOK |
|
|
|0 000 xxxxxcx a22 zn 4500
|
| LOK |
|
|
|0 001 3306707740
|
| LOK |
|
|
|0 003 DE-627
|
| LOK |
|
|
|0 004 1642549096
|
| LOK |
|
|
|0 005 20150305140624
|
| LOK |
|
|
|0 008 150305||||||||||||||||ger|||||||
|
| LOK |
|
|
|0 040
|a DE-21-110
|c DE-627
|d DE-21-110
|
| LOK |
|
|
|0 689
|a s
|a Suizid
|
| LOK |
|
|
|0 852
|z Kein Bestand am IfK; Nachweis für KrimDok
|
| LOK |
|
|
|0 852
|a DE-21-110
|
| LOK |
|
|
|0 852 1
|m v
|9 00
|
| LOK |
|
|
|0 935
|a k110
|
| LOK |
|
|
|0 938
|k v
|
| LOK |
|
|
|0 939
|a 05-03-15
|b l01
|
| ORI |
|
|
|a SA-MARC-krimdoka001.raw
|